Every Real Madrid coach from 2000 to present! - Statistics

General Stats
  • This quiz has been taken 1,295 times
  • The average score is 13 of 22
Answer Stats
Season: Answer % Correct
2015/2016 Zinedine Zidane
99%
2016/2017 Zinedine Zidane
99%
2017/2018 Zinedine Zidane
99%
2013/2014 Carlo Ancelotti
95%
2014/2015 Carlo Ancelotti
95%
2010/2011 Jose Mourinho
93%
2011/2012 Jose Mourinho
93%
2012/2013 Jose Mourinho
93%
2015/2016 Rafael Benitez
73%
1999/2000 Vicente del Bosque
65%
2000/2001 Vicente del Bosque
65%
2001/2002 Vicente del Bosque
65%
2002/2003 Vicente del Bosque
65%
2009/2010 Manuel Pellegrini
49%
2006/2007 Fabio Capello
48%
2004/2005 Vanderlei Luxemburgo
23%
2008/2009 Juande Ramos
22%
2003/2004 Jose Antonio Camacho
19%
2003/2004 Carlos Queiroz
18%
2007/2008 Bernd Schuster
17%
2005/2006 Juan Ramon Lopez Caro
10%
2004/2005 Mariano Garcia Remon
9%
No matching quizzes found
Score Distribution
Percent of People with Each Score
Percentile by Number Answered
Your Score History
You have not taken this quiz